000 00571nam a2200193Ia 4500
005 20260114185651.0
008 008 260114s9999 xx 000 0 eng d
020 _a9781472598981
037 _aEBOOK
040 _aCRL
_beng
_cCRL
041 _aeng
_2eng
084 _qCRL
100 _aEugenia Russell
_9872893
245 0 _aLiterature and Culture in Late Byzantine Thessalonica
260 _bBloomsbury
_c2013
856 _uhttps://doi.org/10.5040/9781472598981?locatt=label:secondary_bloomsburyCollections
942 _cEBOOK
999 _c1471841
_d1471841